000 00789nam a2200229 i 4500
001 139754
003 ES-MaACL
005 20250815082232.0
007 t|
008 070214s1949 sp r ||||1| spa d
100 1 _aSchneider, Erich.
_9104553
245 1 0 _aContabilidad industrial /
_cErich Schneider ; traducción del danés por Arne Koefoed ; revisión e introducción de Manuel de Torres.
260 _aMadrid :
_bAguilar,
_c1949.
300 _aXXXV, 272 p. ;
_c22 cm.
490 1 _aBiblioteca de ciencias sociales
650 0 4 _aContabilidad.
_911307
700 1 _aKoefoed, Arne.
_968430
700 1 _aTorres, Manuel de.
_9110904
830 0 0 _aBiblioteca de ciencias sociales (Aguilar)
_9220462
852 _aES-MaACL
_jC-11332
_bR.39530
999 _c139754
_d139754